| 000 | 01150agaaa2200277 4500 | ||
|---|---|---|---|
| 001 | 7064 | ||
| 003 | IT-RoPAU | ||
| 005 | 20220918181241.0 | ||
| 007 | d cvaizq | ||
| 008 | 50131s9999||||xx ||| | || ||und|| | ||
| 040 |
_aIT-RoPAU _cIT-RoPAU |
||
| 041 | _aITALIANO | ||
| 100 |
_aSalou Jean Claude _gCodice regista SPICS: 30788 _945243 |
||
| 130 |
_aABBE' PIERRE AVENTURIER DE DIEU (L') _945244 |
||
| 245 |
_aABBE' PIERRE AVENTURIER DE DIEU (L') _cDiretto da: Salou Jean Claude _pABBE' PIERRE AVENTURIER DE DIEU (L') (Rif. Codice opera principale : 87064) |
||
| 250 | _aEdizione Standard | ||
| 260 |
_a(FRANCIA) _bANTENNE 2 - CFRT / _g"1989 (1° ed.: 1989 ; Ed. Lingua Orig.: 1989)" |
||
| 300 |
_aVHS _bsonoro, col. _c27 minuti |
||
| 508 | _a"Fotografia: Lefevre Daniel; Montaggio: Baltzer Jacques; Musica: Moussac Vincent; " | ||
| 538 | _aPAL, STEREO | ||
| 546 | _aITALIANO | ||
| 650 |
_aRELIGIOSO _eTV-PROGRAMMI RELIGIOSI [VHS] _xCodice MATERIA SPICS: 9963 _945245 |
||
| 700 |
_aMoussac Vincent _e(musica) _gCodice Musica SPICS: 30793 _945246 |
||
| 700 |
_aSalou Jean Claude _e(regista) _gCodice regista SPICS: 30788 _945247 |
||
| 942 |
_cVH _2ddc |
||
| 999 |
_c106127 _d106127 |
||